00629cam a22002051 4500001001300000003000400013005001700017008004100034010001700075035002000092040002100112042001200133050002100145100002700166245009000193260007200283300002100355490002600376752002100402he 67002587 DLC20260227111452.0840406s1965 is 000 1 heb  ahe 67002587  a(OCoLC)19145603 aDLCcMHdCUdDLC apremarc00aPJ5054.M352bM531 aMegged, Aharon,d1920-10aMi-sipure ha-yom ha-sheni :bGeshem nedavot ; Maʻaśeh bilti ragil ; Yad ṿa-shem. a[Tel Aviv] :b[Ḳetsin ḥinukh rashi, ʻAnaf haśkalah],c[1965] a133 p. ;c16 cm.0 aSifriyat tarmil ;v19 aIsraeldTel Aviv